Gravitačný model ako nástroj merania vplyvu menovej únie na obchod

Popis gravitačného modelu a gravitačného modelu obchodu. Vplyv menovej únie na obchod. História a podstata gravitačného modelu. Gravitačný model z hľadiska merania vplyvu menovej únie na obchod.

Enregistré dans:
Détails bibliographiques
Auteur principal: Koňarik, Jozef
Format: Chapitre de livre
Langue:slovaque
Sujets:
Tags: Ajouter un tag
Pas de tags, Soyez le premier à ajouter un tag!

MARC

LEADER 00000naa$a2200000$$$4500
001 0052009
005 20221207085432.8
041 0 |a slo 
044 |a SK 
245 1 0 |a Gravitačný model ako nástroj merania vplyvu menovej únie na obchod  |c Jozef Koňarik 
520 |a Popis gravitačného modelu a gravitačného modelu obchodu. Vplyv menovej únie na obchod. História a podstata gravitačného modelu. Gravitačný model z hľadiska merania vplyvu menovej únie na obchod. 
610 2 0 |a modely 
610 2 0 |a modely matematické 
610 2 0 |a metódy ekonometrické 
610 2 0 |a únie menové 
610 2 0 |a obchod zahraničný 
100 1 |a Koňarik, Jozef